[Event "Stay Safe Play From Home 200"]
[Site "T#646566Emanuel Laske"]
[Date "2020.06.04"]
[Round "1"]
[White "Mepe_Nika"]
[Black "Greblah"]
[Result "1-0"]
[WhiteElo "2307"]
[BlackElo "1948"]
[Annotator "TA"]
[PlyCount "117"]
[EventDate "2020.06.04"]
[EventType "swiss (blitz)"]

{[%evp 14,116,26,7,35,29,12,20,26,2,1,0,-4,-9,6,4,31,25,25,21,16,11,39,0,0,-29,-27,-33,-17,-54,-25,-47,-57,-96,-4,-31,-19,-23,-16,-303,-299,-307,-290,-485,-484,-490,-289,-363,-254,-265,-283,-286,-286,-264,-27,-28,464,446,458,449,4894,2107,4927,2917,4906,3175,4894,4898,2002,1510,5828,5828,5808,5712,5389,4927,29975,29975,29983,29984,29984,29985,29985,29986,29987,29988,29988,29988,29987,29988,29988,29988,29990,29990,29991,29992,29992,29993,29993,29994,29996,29997,29997,29997,29999]} 1. d4 c6 2. c4 d5 3. cxd5 cxd5 4. Nc3 Nf6 5. Nf3 Nc6 6. Bf4 e6 7. e3 Bd6 8. Ne5 Bxe5 {D13: Slav Defence: Exchange variation without ...Bf5.} (8... O-O {is interesting.} 9. Be2 Qc7 10. Nd3 Bxf4 11. Nxf4 Rd8) 9. Bxe5 Nxe5 10. dxe5 Nd7 {The position is equal.} 11. Bb5 O-O (11... Qg5 {keeps more tension.} 12. Qd4 O-O 13. f4 Qxg2 14. O-O-O Qh3) 12. Bxd7 Bxd7 13. O-O {[#]} a6 $146 ({Predecessor:} 13... f6 14. Qd4 fxe5 15. Qxe5 Qf6 16. Qxf6 Rxf6 17. Rfd1 Bc6 18. Rd2 Rg6 19. f4 Rf8 {½-½ (37) Eretova,K (2160)-Wohlers Armas,F (2145) Prague 1989}) 14. Qd4 b5 15. Rac1 Rc8 16. Ne2 Qa5 17. a3 Rc4 18. Qd3 (18. Qa7 $5 {[%cal Ra7d7]} Qd2 19. Rce1 $11) 18... Rfc8 19. Rxc4 bxc4 20. Qd4 Rb8 $36 {[%mdl 2048] Black has good play.} 21. Rc1 Qb6 (21... h6 {looks sharper.} 22. h3 Rb3 23. e4 Rd3 24. Qa7 Qb5) 22. Rc2 Qxd4 23. Nxd4 $15 {[%mdl 4096] Endgame KRB-KRN} Kf8 (23... Ba4 $17 24. b3 Bxb3) 24. Kf1 Ke7 25. Ke1 f6 26. Kd2 $2 {[%mdl 8192] [#]} (26. f4 $11 {and White has nothing to worry.}) 26... fxe5 $19 27. Nf3 e4 28. Nd4 $2 (28. Ne5 {only move.}) 28... e5 29. Ne2 Kd6 (29... Ba4 $142 30. Rc1 Rxb2+ 31. Ke1 Bc2) 30. Kc3 Be6 31. Kd2 g6 32. Kc1 Bd7 33. Rd2 {If White can now play Nc3 this consolidates a bit.} Ba4 $2 {[#]} (33... Bc6 $19 {Hoping for ...Rf8.} 34. Kd1 Kc5) 34. Nc3 $11 Ke6 $2 {[%mdl 8192]} (34... Bc6 $11 35. Nxe4+ Ke7) 35. Nxa4 $18 {KRN-KR} Rb5 36. Nc3 g5 (36... Rc5 $142 37. Kd1 Ra5) 37. Nxb5 axb5 {KR-KP} 38. Kc2 Kd6 39. Kc3 Kc5 40. b4+ cxb3 41. Kxb3 d4 42. exd4+ exd4 43. Rc2+ Kd5 44. Rc8 e3 45. fxe3 {White mates.} dxe3 46. Kc3 Ke4 47. Re8+ Kf4 48. Kd3 e2 49. Rxe2 {KR-K3P} g4 50. Re4+ Kf5 51. g3 h5 52. Rf4+ Kg5 53. Kd4 b4 54. axb4 h4 55. Ke5 hxg3 56. hxg3 Kh5 57. Kf6 Kh6 58. Rxg4 {[%cal Rg4h4]} Kh5 59. Rh4# {Never resign too early! Accuracy: White = 65%, Black = 47%.} 1-0

[Event "Stay Safe Play From Home 200"]
[Site "T#646566Emanuel Laske"]
[Date "2020.06.04"]
[Round "1"]
[White "Weltszmerc"]
[Black "Haris kollari 13"]
[Result "1-0"]
[WhiteElo "2112"]
[BlackElo "1627"]
[Annotator "NA RC"]
[PlyCount "73"]
[EventDate "2020.06.04"]
[EventType "swiss (blitz)"]

1. d4 {[%emt 0:00:01]} e6 {[%emt 0:00:00]} 2. c4 {[%emt 0:00:00]} d5 {[%emt 0:00:00]} 3. Nf3 {[%emt 0:00:00]} c6 {[%emt 0:00:01]} 4. g3 {[%emt 0:00:00]} f5 {[%emt 0:00:00]} 5. Bg2 {[%emt 0:00:00]} Nf6 {[%emt 0:00:00]} 6. O-O {[%emt 0:00:00]} Bd6 {[%emt 0:00:02]} 7. Nc3 {[%emt 0:00:00]} Bd7 {[%emt 0:00:01]} 8. c5 {[%emt 0:00:01]} Bc7 {[%emt 0:00:02]} 9. b4 {[%emt 0:00:00]} O-O {[%emt 0:00:01]} 10. a4 {[%emt 0:00:01]} b6 {[%emt 0:00:01]} 11. b5 {[%emt 0:00:02]} cxb5 {[%emt 0:00:02]} 12. axb5 {[%emt 0:00:00]} bxc5 {[%emt 0:00:01]} 13. dxc5 {[%emt 0:00:00]} Bc8 {[%emt 0:00:04]} 14. Ba3 {[%emt 0:00:02]} Re8 {[%emt 0:00:02]} 15. Qc2 {[%emt 0:00:05]} Ne4 {[%emt 0:00:01]} 16. Nxe4 {[%emt 0:00:01]} dxe4 {[%emt 0:00:01]} 17. Rfd1 {[%emt 0:00:01]} Qf6 {[%emt 0:00:02]} 18. Bb2 {[%emt 0:00:03]} e5 {[%emt 0:00:03]} 19. Nd2 {[%emt 0:00:02]} Be6 {[%emt 0:00:01]} 20. Nc4 {[%emt 0:00:01]} Nd7 {[%emt 0:00:03]} 21. Nd6 {[%emt 0:00:02]} Bxd6 {[%emt 0:00:03]} 22. Rxd6 {[%emt 0:00:00]} Rac8 {[%emt 0:00:04]} 23. c6 {[%emt 0:00:00]} Nb6 {[%emt 0:00:01]} 24. Rxa7 {[%emt 0:00:02]} Nc4 {[%emt 0:00:01]} 25. Rd1 {[%emt 0:00:02]} Nxb2 {[%emt 0:00:01]} 26. Qxb2 {[%emt 0:00:00]} Bc4 {[%emt 0:00:03]} 27. e3 {[%emt 0:00:02]} Rb8 {[%emt 0:00:03]} 28. b6 {[%emt 0:00:03]} Rec8 {[%emt 0:00:03]} 29. c7 {[%emt 0:00:02]} Rxb6 {[%emt 0:00:05]} 30. Qc3 {[%emt 0:00:05]} Rc6 {[%emt 0:00:01]} 31. Rd8+ {[%emt 0:00:03]} Qxd8 {[%emt 0:00:04]} 32. cxd8=Q+ {[%emt 0:00:00]} Rxd8 {[%emt 0:00:00]} 33. h3 {[%emt 0:00:03]} Rd2 {[%emt 0:00:01]} 34. Qxd2 {[%emt 0:00:02]} Bd3 {[%emt 0:00:01]} 35. Qb4 {[%emt 0:00:02]} Rc1+ {[%emt 0:00:01]} 36. Kh2 {[%emt 0:00:01]} Rc2 {[%emt 0:00:00]} 37. Qe7 {[%emt 0:00:01] Time (Lag: Av=0.73s, max=1.1s)} 1-0

[Event "Stay Safe Play From Home 200"]
[Site "T#646566Emanuel Laske"]
[Date "2020.06.04"]
[Round "1"]
[White "SoulofWolf"]
[Black "KLIND"]
[Result "1-0"]
[WhiteElo "2110"]
[BlackElo "1867"]
[Annotator "TA"]
[PlyCount "71"]
[EventDate "2020.06.04"]
[EventType "swiss (blitz)"]

{[%evp 9,71,-41,19,22,30,18,28,-11,22,-4,-8,-22,11,12,131,130,191,187,171,195,179,122,224,216,510,83,202,214,347,345,651,664,660,662,697,668,799,725,779,753,752,735,983,964,2339,2318,2595,2450,2417,2404,2416,2391,2379,2346,2346,2083,2037,2024,2478,2328,2389,2361,29993,29994]} 1. a4 d5 2. a5 c6 ({Predecessor:} 2... a6 3. d4 Nf6 4. Nf3 e6 5. Bf4 c5 6. dxc5 Bxc5 7. Nc3 Nc6 8. Na4 Be7 9. Nb6 {0-1 (24) Adams,D-Bernes,J Dos Hermanas 2004}) 3. c3 a6 4. d3 Nf6 5. g3 g6 (5... c5 $15) 6. Bg2 $11 {A00: Irregular Openings.} Bg7 7. Nf3 O-O 8. h4 {White has an edge.} h5 9. Ng5 Bg4 10. f3 Bf5 11. O-O Nbd7 (11... Bc8 $11 {keeps the balance.}) 12. e4 $16 dxe4 (12... Be6 $16 {was worth a try.}) 13. dxe4 $18 Be6 14. Nxe6 fxe6 15. Qb3 (15. Qe2 $18) 15... Nc5 (15... Kh7 $16) 16. Qc4 Qd6 $2 {[#]} (16... Qd3 17. Qxc5 Nxe4) 17. Be3 $2 (17. Bf4 $18 {is the precise move to win.} Qd3 18. Qxc5) 17... Nfd7 (17... Nd3 $16 {was called for.}) 18. f4 Kh8 (18... Qd3 $142 19. Qxd3 Nxd3) 19. e5 Qc7 $2 (19... Qd3 20. Qxd3 Nxd3) 20. Bxc5 Nxc5 21. Qxc5 Rfd8 22. Be4 Qd7 23. Na3 Kh7 24. Qe3 Qe8 25. Qf3 Qf7 26. Qxh5+ Kg8 27. Bxg6 Qf5 28. Qh7+ Kf8 29. Bxf5 exf5 30. Qxf5+ Kg8 31. e6 Rf8 32. Qg6 Rf6 33. Qg4 Raf8 34. Nc4 Kh7 35. Ne5 Rg6 36. Qxg6+ {Accuracy: White = 63%, Black = 12%.} 1-0

[Event "Stay Safe Play From Home 200"]
[Site "T#646566Emanuel Laske"]
[Date "2020.06.04"]
[Round "1"]
[White "Fischer_11"]
[Black "Trotsky"]
[Result "1-0"]
[WhiteElo "2030"]
[BlackElo "1590"]
[Annotator "NA RC"]
[PlyCount "63"]
[EventDate "2020.06.04"]
[EventType "swiss (blitz)"]

1. e4 {[%emt 0:00:01]} c5 {[%emt 0:00:01]} 2. c3 {[%emt 0:00:00]} e6 {[%emt 0:00:01]} 3. d4 {[%emt 0:00:01]} d5 {[%emt 0:00:01]} 4. exd5 {[%emt 0:00:01]} exd5 {[%emt 0:00:01]} 5. Be3 {[%emt 0:00:00]} c4 {[%emt 0:00:02]} 6. b3 {[%emt 0:00:00]} Be6 {[%emt 0:00:01]} 7. bxc4 {[%emt 0:00:01]} Nc6 {[%emt 0:00:01]} 8. cxd5 {[%emt 0:00:01]} Bxd5 {[%emt 0:00:01]} 9. Nd2 {[%emt 0:00:01]} Bd6 {[%emt 0:00:01]} 10. Ngf3 {[%emt 0:00:01]} Nf6 {[%emt 0:00:01]} 11. c4 {[%emt 0:00:00]} Bxf3 {[%emt 0:00:04]} 12. Nxf3 {[%emt 0:00:00]} Qc7 {[%emt 0:00:01]} 13. Be2 {[%emt 0:00:01]} O-O-O {[%emt 0:00:01]} 14. O-O {[%emt 0:00:00]} Ng4 {[%emt 0:00:02]} 15. h3 {[%emt 0:00:04]} h5 {[%emt 0:00:01]} 16. c5 {[%emt 0:00:02]} Bh2+ {[%emt 0:00:01]} 17. Kh1 {[%emt 0:00:02]} g5 {[%emt 0:00:01]} 18. Bxg5 {[%emt 0:00:12]} Rdf8 {[%emt 0:00:03]} 19. d5 {[%emt 0:00:08]} Nce5 {[%emt 0:00:07]} 20. d6 {[%emt 0:00:03]} Qc6 {[%emt 0:00:03]} 21. Nxh2 {[%emt 0:00:04]} f6 {[%emt 0:00:04]} 22. Bf4 {[%emt 0:00:02]} Rfg8 {[%emt 0:00:05]} 23. Bf3 {[%emt 0:00:02]} Qd7 {[%emt 0:00:03]} 24. Qe2 {[%emt 0:00:03]} Nxh2 {[%emt 0:00:06]} 25. Kxh2 {[%emt 0:00:01]} Nxf3+ {[%emt 0:00:01]} 26. Qxf3 {[%emt 0:00:01]} Rg7 {[%emt 0:00:02]} 27. c6 {[%emt 0:00:00]} bxc6 {[%emt 0:00:02]} 28. Rac1 {[%emt 0:00:00]} Kd8 {[%emt 0:00:01]} 29. Rxc6 {[%emt 0:00:00]} Rhg8 {[%emt 0:00:02]} 30. Rc7 {[%emt 0:00:00]} Qb5 {[%emt 0:00:02]} 31. Rxg7 {[%emt 0:00:01]} Rxg7 {[%emt 0:00:01]} 32. Qxh5 {[%emt 0:00:01] Âðåìÿ (Lag: Av=0.25s, max=0.7s)} 1-0

[Event "Stay Safe Play From Home 200"]
[Site "T#646566Emanuel Laske"]
[Date "2020.06.04"]
[Round "1"]
[White "Haxhi Baha"]
[Black "Broken sword"]
[Result "0-1"]
[WhiteElo "2015"]
[BlackElo "2439"]
[Annotator "TA"]
[PlyCount "80"]
[EventDate "2020.06.04"]
[EventType "swiss (blitz)"]

{[%evp 9,80,26,54,45,48,26,23,25,44,37,30,18,28,12,17,13,28,32,25,-28,20,30,25,-13,-31,-615,-596,-704,-367,-625,-372,-344,-96,-102,-97,-106,-106,-125,-72,-281,-277,-272,-237,-269,-250,-250,-252,-253,-257,-262,-202,-279,-273,-573,-567,-595,-591,-550,-555,-710,-712,-795,-795,-759,-706,-709,-709,-794,-704,-703,-703,-29985,-29986]} 1. e4 c5 2. Nf3 e6 3. d4 cxd4 4. Nxd4 a6 5. Nc3 d5 6. exd5 {B43: Sicilian: Kan Variation: 5 Nc3.} exd5 7. Bd3 Nf6 8. O-O {White has an edge.} Be7 9. h3 Nc6 10. Nf3 O-O {[#]} 11. Bg5 $146 ({Predecessor:} 11. a3 h6 12. Be3 Re8 13. Qd2 Bf8 14. Rad1 Be6 15. Nd4 Qd7 16. Nxe6 fxe6 17. Bg6 {1-0 (42) Anderssen,A-Pitschel,K Leipzig 1876}) 11... Be6 12. Re1 Rc8 13. Ne2 h6 14. Bh4 ({White should try} 14. Be3) 14... Ne4 (14... g5 {is interesting.} 15. Bg3 Bc5 16. c3 Ne4 17. Bc2 Qb6) 15. Bxe7 Qxe7 16. Bxe4 dxe4 17. Ng3 $2 {[%mdl 8192] [#]} (17. Nfd4 $15) 17... exf3 $19 18. Qxf3 Qg5 {Threatens to win with ...Nd4.} 19. Re3 $2 (19. c3) 19... Rcd8 20. c3 Rd2 $2 (20... Bd5 $19 21. Qh5 Qxh5 22. Nxh5 f6) 21. Ne4 $17 Qd5 22. Nxd2 Qxd2 23. Re2 Qd5 (23... Qg5 $142 24. b3 Rd8) 24. Rae1 $2 (24. Qxd5 $17 {was necessary.} Bxd5 25. b3) 24... Qxf3 $19 ({Resist} 24... Qxa2 25. Rd2 $19) 25. gxf3 Rd8 ({Don't play} 25... Bxh3 26. Re8 $19) 26. b3 Rd3 27. Re3 Rd2 28. R1e2 Rd1+ 29. Kh2 Rd6 30. f4 Ne7 31. Kg3 $2 (31. c4 {keeps fighting.}) 31... Nf5+ {[%mdl 64] [#] Double Attack} 32. Kh2 Nxe3 33. fxe3 {[%mdl 4096] Endgame KRB-KR} Rd3 34. Kg3 Rxc3 35. h4 f5 36. Kf2 Kf7 37. Rd2 Rc7 38. Rd6 Ke7 39. Rd2 Rd7 40. h5 Rxd2+ {Accuracy: White = 42%, Black = 65%.} 0-1

[Event "Stay Safe Play From Home 200"]
[Site "T#646566Emanuel Laske"]
[Date "2020.06.04"]
[Round "1"]
[White "Matanant"]
[Black "Lamborghini"]
[Result "1-0"]
[WhiteElo "1603"]
[BlackElo "2122"]
[Annotator "TA"]
[PlyCount "19"]
[EventDate "2020.06.04"]
[EventType "swiss (blitz)"]

{[%evp 9,19,-36,-37,-37,-26,-31,41,18,26,0,29998,29999]} 1. e4 c5 2. Nf3 d6 3. c3 Nf6 4. h3 g6 5. e5 dxe5 6. Nxe5 {B50: Sicilian: 2...d6, Miscellaneous.} Bg7 7. Bb5+ {[#]} Kf8 $146 ({Better is} 7... Nfd7 $15 8. Nf3 O-O) ({Predecessor:} 7... Nbd7 8. Qb3 O-O 9. d4 cxd4 10. cxd4 Nxe5 11. dxe5 Be6 12. Qd3 Qc7 13. Qc3 Nd5 14. Qxc7 Nxc7 {0-1 (49) Zdravkovic,D (1913)-Nikolovski,N (1965) Skopje 2013}) 8. d4 cxd4 {aiming for ...Qd5.} 9. Qxd4 a6 $2 {[%mdl 8192] [#]} (9... Qxd4 $11 10. cxd4 Nfd7) 10. Qxd8+ {Black did not feel at home in the position after the opening.} 1-0

[Event "Stay Safe Play From Home 200"]
[Site "T#646566Emanuel Laske"]
[Date "2020.06.04"]
[Round "1"]
[White "Mamba2001de"]
[Black "Lazieri3"]
[Result "0-1"]
[WhiteElo "1436"]
[BlackElo "1972"]
[Annotator "NA RC"]
[PlyCount "66"]
[EventDate "2020.06.04"]
[EventType "swiss (blitz)"]

1. e3 {[%emt 0:00:00]} c6 {[%emt 0:00:02]} 2. d4 {[%emt 0:00:01]} d5 {[%emt 0:00:00]} 3. Nf3 {[%emt 0:00:01]} Nf6 {[%emt 0:00:00]} 4. Be2 {[%emt 0:00:01]} Bf5 {[%emt 0:00:00]} 5. O-O {[%emt 0:00:01]} e6 {[%emt 0:00:00]} 6. Nbd2 {[%emt 0:00:01]} h6 {[%emt 0:00:01]} 7. b3 {[%emt 0:00:01]} Ne4 {[%emt 0:00:01]} 8. Bb2 {[%emt 0:00:01]} Bd6 {[%emt 0:00:01]} 9. h3 {[%emt 0:00:01]} Qe7 {[%emt 0:00:01]} 10. Rc1 {[%emt 0:00:01]} Ba3 {[%emt 0:00:01]} 11. Bxa3 {[%emt 0:00:02]} Qxa3 {[%emt 0:00:01]} 12. c4 {[%emt 0:00:01]} Qxa2 {[%emt 0:00:03]} 13. Nxe4 {[%emt 0:00:01]} Bxe4 {[%emt 0:00:03]} 14. Nd2 {[%emt 0:00:02]} Bg6 {[%emt 0:00:04]} 15. Ra1 {[%emt 0:00:02]} Qb2 {[%emt 0:00:01]} 16. Rb1 {[%emt 0:00:02]} Bxb1 {[%emt 0:00:03]} 17. Qxb1 {[%emt 0:00:01]} Qxb1 {[%emt 0:00:01]} 18. Rxb1 {[%emt 0:00:02]} Nd7 {[%emt 0:00:00]} 19. cxd5 {[%emt 0:00:02]} exd5 {[%emt 0:00:01]} 20. Nf3 {[%emt 0:00:01]} f6 {[%emt 0:00:01]} 21. Bd3 {[%emt 0:00:01]} Ke7 {[%emt 0:00:01]} 22. Bg6 {[%emt 0:00:03]} a5 {[%emt 0:00:04]} 23. b4 {[%emt 0:00:01]} axb4 {[%emt 0:00:02]} 24. Rxb4 {[%emt 0:00:01]} b5 {[%emt 0:00:01]} 25. Rb1 {[%emt 0:00:02]} Kd6 {[%emt 0:00:01]} 26. Nh4 {[%emt 0:00:01]} Rhb8 {[%emt 0:00:02]} 27. Nf5+ {[%emt 0:00:01]} Kc7 {[%emt 0:00:00]} 28. Ng3 {[%emt 0:00:10]} b4 {[%emt 0:00:01]} 29. Bc2 {[%emt 0:00:02]} Ra2 {[%emt 0:00:04]} 30. Bb3 {[%emt 0:00:02]} Ra3 {[%emt 0:00:01]} 31. Ne2 {[%emt 0:00:01]} Nb6 {[%emt 0:00:01]} 32. Nc1 {[%emt 0:00:01]} Nc4 {[%emt 0:00:01]} 33. Nd3 {[%emt 0:00:03]} Nd2 {[%emt 0:00:02] Zeit (Lag: Av=0.43s, max=0.5s)} 0-1

[Event "Stay Safe Play From Home 200"]
[Site "T#646566Emanuel Laske"]
[Date "2020.06.04"]
[Round "1"]
[White "Tobo Rubirosa"]
[Black "Castlingarrocco"]
[Result "0-1"]
[WhiteElo "1436"]
[BlackElo "1996"]
[Annotator "TA"]
[PlyCount "46"]
[EventDate "2020.06.04"]
[EventType "swiss (blitz)"]

{[%evp 9,46,40,66,60,73,70,69,5,81,57,54,71,85,47,79,16,28,-61,-50,-62,85,-71,-77,-402,-411,-438,-162,-153,-162,-356,-362,-577,-576,-525,-525,-512,-510,-695,-697]} 1. e4 Nc6 2. Nf3 d6 3. d4 Bg4 4. Be2 e5 5. dxe5 Bxf3 6. Bxf3 {B00: Queen's Fianchetto Defence, Nimzowitsch Defence.} Nxe5 7. Be2 Nf6 8. O-O ({White should try} 8. Nc3 $14) 8... Be7 (8... Nxe4 $11 9. Be3 Be7) 9. Nc3 O-O 10. f4 Ng6 {[#]} 11. Bf3 $146 ({Predecessor:} 11. Be3 Re8 12. Bd3 Bf8 13. Qf3 c6 14. Rad1 Qc8 15. h3 Qc7 16. g4 d5 17. exd5 Nxd5 18. Nxd5 cxd5 {½-½ (41) Perez Rosales,P (2106)-Monteiro Rodrigues,C (1491) Gran Canaria 2015}) 11... c6 12. Qe2 (12. g3 $16) 12... d5 13. Be3 (13. e5 $11 Bc5+ 14. Kh1) 13... d4 $15 14. Rad1 c5 (14... Qc7 $1 $15 {stays ahead.} 15. Rxd4 (15. Bxd4 Nxf4 16. Qf2 Ne6 $11) 15... Nxf4) 15. Na4 $2 {[#]} (15. e5 $16 {and life is bright.} Nd7 16. Bg4 (16. Bxb7 Rb8 $11)) 15... Qa5 $36 {[%mdl 2048] Black is in control.} 16. Bxd4 $2 {[%mdl 8192] This costs White the game.} (16. b3 $17) 16... cxd4 $19 (16... Qxa4 $2 17. Bc3 $19) 17. Rxd4 Bc5 $2 (17... Nxf4 18. Qd2 Qe5) 18. Nxc5 Qxc5 19. Qf2 $2 {[#]} (19. Qc4 {was forced.} Qxc4 20. Rxc4) 19... Nxf4 20. Rd5 (20. Ra4 $142 Qe5 21. Qd4) 20... Qxf2+ {Black is clearly winning.} 21. Rxf2 N6xd5 22. exd5 g5 23. Bg4 f5 {Accuracy: White = 22%, Black = 51%.} 0-1

[Event "Stay Safe Play From Home 200"]
[Site "T#646566Emanuel Laske"]
[Date "2020.06.04"]
[Round "2"]
[White "Broken sword"]
[Black "Fischer_11"]
[Result "1-0"]
[WhiteElo "2441"]
[BlackElo "2033"]
[Annotator "NA RC"]
[PlyCount "159"]
[EventDate "2020.06.04"]
[EventType "swiss (blitz)"]

1. e4 {[%emt 0:00:01]} Nf6 {[%emt 0:00:02]} 2. e5 {[%emt 0:00:01]} Nd5 {[%emt 0:00:00]} 3. d4 {[%emt 0:00:00]} Nb6 {[%emt 0:00:01]} 4. Nf3 {[%emt 0:00:00]} d6 {[%emt 0:00:00]} 5. exd6 {[%emt 0:00:00]} cxd6 {[%emt 0:00:00]} 6. h3 {[%emt 0:00:00]} g6 {[%emt 0:00:01]} 7. c3 {[%emt 0:00:00]} Bg7 {[%emt 0:00:00]} 8. Bb5+ {[%emt 0:00:01]} Bd7 {[%emt 0:00:01]} 9. Bd3 {[%emt 0:00:01]} O-O {[%emt 0:00:00]} 10. O-O {[%emt 0:00:01]} Nc6 {[%emt 0:00:00]} 11. Be3 {[%emt 0:00:01]} d5 {[%emt 0:00:01]} 12. Nbd2 {[%emt 0:00:01]} Rc8 {[%emt 0:00:02]} 13. Bf4 {[%emt 0:00:01]} Re8 {[%emt 0:00:03]} 14. Re1 {[%emt 0:00:01]} e6 {[%emt 0:00:01]} 15. Rc1 {[%emt 0:00:02]} Na5 {[%emt 0:00:00]} 16. Qe2 {[%emt 0:00:01]} Nac4 {[%emt 0:00:01]} 17. Nxc4 {[%emt 0:00:00]} Nxc4 {[%emt 0:00:00]} 18. Ne5 {[%emt 0:00:01]} Nxe5 {[%emt 0:00:03]} 19. Bxe5 {[%emt 0:00:00]} Bxe5 {[%emt 0:00:01]} 20. Qxe5 {[%emt 0:00:00]} a6 {[%emt 0:00:02]} 21. g3 {[%emt 0:00:03]} Bb5 {[%emt 0:00:01]} 22. Bb1 {[%emt 0:00:02]} Qc7 {[%emt 0:00:02]} 23. Qg5 {[%emt 0:00:02]} Qe7 {[%emt 0:00:01]} 24. Qh6 {[%emt 0:00:01]} Qf8 {[%emt 0:00:01]} 25. Qf4 {[%emt 0:00:00]} Kg7 {[%emt 0:00:01]} 26. h4 {[%emt 0:00:01]} Qe7 {[%emt 0:00:01]} 27. h5 {[%emt 0:00:01]} h6 {[%emt 0:00:03]} 28. hxg6 {[%emt 0:00:01]} fxg6 {[%emt 0:00:00]} 29. Qe5+ {[%emt 0:00:01]} Qf6 {[%emt 0:00:00]} 30. Re3 {[%emt 0:00:03]} Rf8 {[%emt 0:00:03]} 31. f4 {[%emt 0:00:03]} Rce8 {[%emt 0:00:02]} 32. Rce1 {[%emt 0:00:01]} h5 {[%emt 0:00:01]} 33. Qxf6+ {[%emt 0:00:01]} Kxf6 {[%emt 0:00:02]} 34. Re5 {[%emt 0:00:00]} Bd7 {[%emt 0:00:02]} 35. Rg5 {[%emt 0:00:01]} Rg8 {[%emt 0:00:02]} 36. Rge5 {[%emt 0:00:01]} Rg7 {[%emt 0:00:01]} 37. Kg2 {[%emt 0:00:01]} g5 {[%emt 0:00:02]} 38. f5 {[%emt 0:00:04]} Rge7 {[%emt 0:00:02]} 39. fxe6 {[%emt 0:00:01]} Rxe6 {[%emt 0:00:00]} 40. Rf1+ {[%emt 0:00:03]} Ke7 {[%emt 0:00:02]} 41. Rxg5 {[%emt 0:00:01]} Kd6 {[%emt 0:00:01]} 42. Rf2 {[%emt 0:00:01]} Re2 {[%emt 0:00:01]} 43. Rxh5 {[%emt 0:00:01]} Rxf2+ {[%emt 0:00:01]} 44. Kxf2 {[%emt 0:00:00]} Rf8+ {[%emt 0:00:01]} 45. Ke3 {[%emt 0:00:01]} Bg4 {[%emt 0:00:01]} 46. Rh6+ {[%emt 0:00:01]} Kc7 {[%emt 0:00:01]} 47. Bd3 {[%emt 0:00:01]} Rf3+ {[%emt 0:00:02]} 48. Kd2 {[%emt 0:00:00]} Rxg3 {[%emt 0:00:01]} 49. Rg6 {[%emt 0:00:01]} Kb8 {[%emt 0:00:01]} 50. Be2 {[%emt 0:00:02]} Rg2 {[%emt 0:00:01]} 51. Rxg4 {[%emt 0:00:01]} Rxg4 {[%emt 0:00:00]} 52. Bxg4 {[%emt 0:00:00]} Kc7 {[%emt 0:00:00]} 53. Be6 {[%emt 0:00:00]} Kd6 {[%emt 0:00:00]} 54. Bf7 {[%emt 0:00:00]} b6 {[%emt 0:00:00]} 55. Bg8 {[%emt 0:00:00]} a5 {[%emt 0:00:00]} 56. Kd3 {[%emt 0:00:00]} b5 {[%emt 0:00:00]} 57. b4 {[%emt 0:00:00]} axb4 {[%emt 0:00:01]} 58. cxb4 {[%emt 0:00:00]} Kc6 {[%emt 0:00:01]} 59. Bf7 {[%emt 0:00:01]} Kd6 {[%emt 0:00:00]} 60. Be8 {[%emt 0:00:00]} Ke7 {[%emt 0:00:01]} 61. Bxb5 {[%emt 0:00:01]} Kd6 {[%emt 0:00:00]} 62. Ba4 {[%emt 0:00:00]} Kc7 {[%emt 0:00:00]} 63. Bb3 {[%emt 0:00:00]} Kb6 {[%emt 0:00:00]} 64. a4 {[%emt 0:00:00]} Kc7 {[%emt 0:00:00]} 65. Bxd5 {[%emt 0:00:01]} Kb6 {[%emt 0:00:00]} 66. Bc4 {[%emt 0:00:00]} Ka7 {[%emt 0:00:00]} 67. d5 {[%emt 0:00:00]} Ka8 {[%emt 0:00:00]} 68. Kd4 {[%emt 0:00:00]} Kb8 {[%emt 0:00:00]} 69. Bd3 {[%emt 0:00:00]} Kc8 {[%emt 0:00:00]} 70. Bc2 {[%emt 0:00:00]} Kd8 {[%emt 0:00:00]} 71. Bb1 {[%emt 0:00:00]} Kd7 {[%emt 0:00:00]} 72. Kc5 {[%emt 0:00:00]} Kc7 {[%emt 0:00:01]} 73. d6+ {[%emt 0:00:00]} Kb7 {[%emt 0:00:00]} 74. b5 {[%emt 0:00:00]} Kc8 {[%emt 0:00:00]} 75. a5 {[%emt 0:00:00]} Kd8 {[%emt 0:00:00]} 76. a6 {[%emt 0:00:00]} Kc8 {[%emt 0:00:00]} 77. b6 {[%emt 0:00:00]} Kb8 {[%emt 0:00:00]} 78. Kc6 {[%emt 0:00:00]} Kc8 {[%emt 0:00:00]} 79. Bf5+ {[%emt 0:00:01]} Kd8 {[%emt 0:00:00]} 80. d7 {[%emt 0:00:00] Zeit (Lag: Av=0.29s, max=1.1s)} 1-0